Indian Journal of Marketing (Record no. 9768)

MARC details
000 -LEADER
fixed length control field 00558nam a22001217a 4500
003 - CONTROL NUMBER IDENTIFIER
control field OSt
008 - FIXED-LENGTH DATA ELEMENTS--GENERAL INFORMATION
fixed length control field 201212b ||||| |||| 00| 0 eng d
245 ## - TITLE STATEMENT
Title Indian Journal of Marketing
250 ## - EDITION STATEMENT
Edition statement 2007(Sep Vol.37 No.9. Oct Vol.37 No.10, Dec Vol.37 No.12) 2008(Jan Vol.38 No.1, Feb Vol.38 No.2, Mar Vol.38 No.3, Apr Vol.38 No.4, May Vol.38 No.5, Jun Vol.38 No.6, Jul Vol.38 No.7, Aug Vol.38 No.8, Sep Vol.38 No.9, Oct Vol.38 No.10, Nov Vol.38 No.11, Dec Vol.38 No.12)
260 ## - PUBLICATION, DISTRIBUTION, ETC. (IMPRINT)
Place of publication, distribution, etc New Delhi
Name of publisher, distributor, etc Associated Management Consultants
650 ## - SUBJECT ADDED ENTRY--TOPICAL TERM
Topical term or geographic name as entry element MBA
942 ## - ADDED ENTRY ELEMENTS (KOHA)
Source of classification or shelving scheme Dewey Decimal Classification
Koha item type BOUND VOLUME

No items available.

Design & Developed by: PIET Central Library
R70 Miles Stone Pattikalyana Samalkha Panipat 132102
mail ID :- [email protected], Phone No:- 0180-2569700 Ex.216